KOHA-Header-6

Classic Data Structures (Record no. 276)

000 -LEADER
fixed length control field 00301nam a2200121Ia 4500
008 - FIXED-LENGTH DATA ELEMENTS--GENERAL INFORMATION
fixed length control field 190722s9999 xx 000 0 und d
020 ## - INTERNATIONAL STANDARD BOOK NUMBER
International Standard Book Number 978-81-203-3731-2
100 ## - MAIN ENTRY--PERSONAL NAME
Personal name Debasis Samanta
245 #0 - TITLE STATEMENT
Title Classic Data Structures
260 ## - PUBLICATION, DISTRIBUTION, ETC. (IMPRINT)
Place of publication, distribution, etc Delhi
Name of publisher, distributor, etc PHI Learning Pvt. Ltd.
Date of publication, distribution, etc 2014
300 ## - PHYSICAL DESCRIPTION
Extent 808
942 ## - ADDED ENTRY ELEMENTS (KOHA)
Koha item type Books
Holdings
Withdrawn status Lost status Source of classification or shelving scheme Damaged status Not for loan Collection code Permanent Location Current Location Shelving location Date acquired Total Checkouts Full call number Barcode Date last seen Date checked out Price effective from Koha item type
          Computer Science MAJU MAJU Shelf No.A33 2019-07-22 1 5.73 6902 2024-10-29 2024-09-21 2019-07-22 Computer Science

Powered by Koha